Focus 2: automotive property (Record no. 117719)

MARC details
000 -LEADER
fixed length control field 01050cam a2200265 4500
001 - CONTROL NUMBER
control field ABS68009
008 - FIXED-LENGTH DATA ELEMENTS--GENERAL INFORMATION
fixed length control field 040716n2004 000 0 eng u
035 ## - SYSTEM CONTROL NUMBER
System control number (Sirsi) u126812
100 ## - MAIN ENTRY--PERSONAL NAME
Personal name Kivlehan, N.
245 ## - TITLE STATEMENT
Title Focus 2: automotive property
260 ## - PUBLICATION, DISTRIBUTION, ETC.
Date of publication, distribution, etc. 2004
490 ## - SERIES STATEMENT
Series statement Estates Gazette
Volume/sequential designation (0428) 10 July 2004, 103-113(7)
520 ## - SUMMARY, ETC.
Summary, etc. Special report containing two articles. "Dealers in rate to overtake their rivals" discusses how consolidation among motor dealerships has led to larger groups requiring bigger premises. Highlights the shortage of the right land and the right price. Lists recent consolidations and the larger dealerships. "Funds in pole position" looks at opportunities for investors wishing to invest in the industry.
590 ## - LOCAL NOTE (RLIN)
Local note ABS
590 ## - LOCAL NOTE (RLIN)
Local note ABS
650 ## - SUBJECT ADDED ENTRY--TOPICAL TERM
Topical term or geographic name entry element CAR DEALERSHIPS
650 ## - SUBJECT ADDED ENTRY--TOPICAL TERM
Topical term or geographic name entry element AUTOMOTIVE INDUSTRY
650 ## - SUBJECT ADDED ENTRY--TOPICAL TERM
Topical term or geographic name entry element INVESTMENT
650 ## - SUBJECT ADDED ENTRY--TOPICAL TERM
Topical term or geographic name entry element PRIME LOCATIONS
650 ## - SUBJECT ADDED ENTRY--TOPICAL TERM
Topical term or geographic name entry element MERGERS
650 ## - SUBJECT ADDED ENTRY--TOPICAL TERM
Topical term or geographic name entry element COMPETITION
690 ## - LOCAL SUBJECT ADDED ENTRY--TOPICAL TERM (OCLC, RLIN)
Topical term or geographic name as entry element COMMERCIAL PROPERTY-MARKET
700 ## - ADDED ENTRY--PERSONAL NAME
Personal name Harris, D.
942 ## - ADDED ENTRY ELEMENTS (KOHA)
Suppress in OPAC 0
Holdings
Withdrawn status Lost status Source of classification or shelving scheme Damaged status Not for loan Home library Current library Shelving location Date acquired Total Checkouts Full call number Barcode Date last seen Copy number Price effective from Koha item type
    Dewey Decimal Classification     London London Journal article 16/07/2004   ABS68009 126812-1001 06/08/2019 1 06/08/2019 Journal article